[Event "Warsaw YMCA Winter-A 86th"]
[Site "Warsaw"]
[Date "2011.01.13"]
[Round "2"]
[White "Gasik, Piotr"]
[Black "Grochulski, Grzegorz"]
[Result "0-1"]
[WhiteElo "2106"]
[BlackElo "2046"]
[PlyCount "136"]
[EventDate "2011.01.06"]
[EventType "tourn"]
[EventRounds "13"]
[EventCountry "POL"]
[SourceTitle "EXT 2019"]
[Source "ChessBase"]
[SourceDate "2018.10.10"]
[SourceVersion "1"]
[SourceVersionDate "2018.10.10"]
[SourceQuality "1"]

1. c4 e5 2. Nc3 Nf6 3. Nf3 Nc6 4. d4 exd4 5. Nxd4 Bb4 6. g3 Ne4 7. Qd3 Nc5 8. Qe3+ Ne6 9. Nc2 0-0 10. Bg2 Bc5 11. Qd2 Ne5 12. b3 c6 13. 0-0 f5 14. Bb2 Ng4 15. e3 Bb6 16. Rad1 Bc7 17. Ba3 Re8 18. Qd3 Qf6 19. f4 d6 20. h3 Nh6 21. Kh2 Nc5 22. Bxc5 dxc5 23. e4 Be6 24. e5 Qe7 25. Qe3 Red8 26. Na4 Bb6 27. Bf3 Rxd1 28. Rxd1 Rd8 29. Rd3 Nf7 30. Ne1 Rd4 31. Nc2 Rxd3 32. Qxd3 Bc8 33. Ne3 g6 34. Kg2 Nd8 35. h4 Ne6 36. Nc2 Qxh4 37. Qd6 Qd8 38. Qxd8+ Bxd8 39. Ne1 h6 40. Nd3 Be7 41. Kf2 g5 42. Ke3 g4 43. Bg2 h5 44. Nc3 h4 45. gxh4 Bxh4 46. Na4 Be7 47. Bf1 Kf7 48. Nf2 Ng7 49. Nd3 Ne6 50. Nf2 Nd4 51. Nd3 b6 52. Bg2 Kg6 53. Nc3 Bd7 54. Ne2 Ne6 55. Ng3 Ng7 56. Nf2 Bh4 57. Nfh1 Ne8 58. Bf1 Nc7 59. Bd3 Be6 60. Ne2 Ne8 61. Nf2 Kh5 62. Nh1 Ng7 63. Nhg3+ Kg6 64. Kf2 Nh5 65. Bc2 Bxg3+ 66. Nxg3 Nxf4 67. Ke3 Kg5 68. Kf2 Ng6 0-1